| 000 | 00630nam a22002177a 4500 | ||
|---|---|---|---|
| 003 | OSt | ||
| 005 | 20140310181736.0 | ||
| 008 | 130320t xxu||||| |||| 00| 0 eng d | ||
| 020 | _a1576904482 | ||
| 050 |
_aLB 1537 _b.G491 1999 |
||
| 082 |
_aTR 371.334 _bG42 1999 |
||
| 100 |
_aSusan L. Gimotty _9280 |
||
| 245 |
_aComputer activities through the year _cSusan L. Gimotty. |
||
| 260 |
_aWestminster, CA : _bTeacher Created Materials, _c c1999. |
||
| 300 |
_a 144 p. : _b ill. ; _c28 cm. |
||
| 521 | _aTeachers | ||
| 541 | _j1 | ||
| 562 | _e1 | ||
| 650 | _2 Computer - - assisted instruction. | ||
| 942 |
_2lcc _cBK-TR _kTR |
||
| 999 |
_c2571 _d2571 |
||